Normal view
MARC view
Entry Nombre personal
001 - NÚMERO DE CONTROL
- campo de control: 938
003 - IDENTIFICADOR DE NÚMERO DE CONTROL
- campo de control: DLC
005 - FECHA Y HORA DE LA ÚLTIMA TRANSACCIÓN
- campo de control: 20260320103225.0
008 - ELEMENTOS DE DATO DE LONGITUD-FIJA
- campo de control de longitud fija: 790529n| azannaabn |b aaa
010 ## - NÚMERO DE CONTROL DE LA BIBLIOTECA DEL CONGRESO
- Número de control de LC: n 79053060
035 ## - NÚMERO DE CONTROL DEL SISTEMA
- Número de control de sistema: (OCoLC)oca00286275
040 ## - FUENTE DE CATALOGACIÓN
- Centro catalogador/agencia de origen: DLC
- Lengua de catalogación: eng
- Normas de descripción: rda
- Centro/agencia transcriptor: DLC
- Centro/agencia modificador: DLC
- Centro/agencia modificador: OCoLC
- Centro/agencia modificador: DNLM
- Centro/agencia modificador: OCoLC
046 ## - FECHAS CON CODIFICACIÓN ESPECIAL
- Fecha de nacimiento: 1908-11-06
- Fecha de la muerte: 1988-08-25
- Fuente del esquema de fecha: edtf
100 1# - ENCABEZAMIENTO-NOMBRE DE PERSONA
- Nombre de persona: Dolto, Françoise
400 1# - TRAZADO DE VÉASE--NOMBRE DE PERSONA
- Subcampo de control: nna
- Nombre de persona: Dolto, Françoise Marette
400 1# - TRAZADO DE VÉASE--NOMBRE DE PERSONA
- Nombre de persona: Maretto Dolto, Françoise
400 1# - TRAZADO DE VÉASE--NOMBRE DE PERSONA
- Nombre de persona: Dolto, F.
- Forma completa/desarrollada del nombre: (Françoise)
400 1# - TRAZADO DE VÉASE--NOMBRE DE PERSONA
- Nombre de persona: Marette, Françoise
400 1# - TRAZADO DE VÉASE--NOMBRE DE PERSONA
- Nombre de persona: דולטו, פרנסואז
670 ## - FUENTE DE DATOS ENCONTRADOS
- Cita de la fuente: Her Psychanalyse et pédiatrie, 1961.
670 ## - FUENTE DE DATOS ENCONTRADOS
- Cita de la fuente: Her Tout est langage, c1987:
- Información encontrada: t.p. (Françoise Dolto) spine (F. Dolto)
670 ## - FUENTE DE DATOS ENCONTRADOS
- Cita de la fuente: Yannick, F. Françoise Dolto, c1990:
- Información encontrada: t.p. (Françoise Dolto) p. 17 (b. 11-6-1908) p. 19 (d. Paris 8-25-1988)
670 ## - FUENTE DE DATOS ENCONTRADOS
- Cita de la fuente: Her Autoportrait d'une psychanalyste : 1934-1988, c1989:
- Información encontrada: t.p. (Françoise Dolto) p. 277, etc. (b. Françoise Marette 11-06-1908; marriage Feb. 1942 to Boris Dolto; Françoise Marette-Dolto)